Mitchell Shadden
Texas A
Categories
Beliefs | 0 | 4 | 0 | 1 | 40 | 92 | 118.75 | 0 | 4 |
Fine Arts - Auditory Fine Arts | 1 | 2 | 0 | 0 | 35 | 99 | 118.67 | 2 | 3 |
History - European History | 0 | 3 | 0 | 0 | 30 | 76 | 97.67 | 3 | 3 |
History - American History | 1 | 2 | 2 | 1 | 25 | 55 | 96.67 | 2 | 3 |
British and Commonwealth History | 0 | 2 | 0 | 1 | 20 | 102 | 119.50 | 0 | 2 |
Fine Arts - Visual Fine Arts | 0 | 2 | 0 | 1 | 20 | 75 | 109.00 | 1 | 2 |
Literature - American Literature | 1 | 0 | 0 | 0 | 15 | 57 | 57.00 | 1 | 1 |
Geography | 0 | 1 | 0 | 0 | 10 | 91 | 91.00 | 0 | 1 |
Other Academic | 0 | 1 | 0 | 0 | 10 | 86 | 86.00 | 1 | 1 |
Other Arts: Visual | 0 | 1 | 0 | 0 | 10 | 111 | 111.00 | 1 | 1 |
Other Science: Astronomy | 0 | 0 | 1 | 0 | -5 | 0.00 | 0 | 0 |